[Event "Top of the Hill"]
[Site "SchemingMind.com"]
[Date "2009.05.11"]
[Round "-"]
[White "norlavuaram"]
[Black "lame wolf"]
[Result "1-0"]
[WhiteCountry "PER"]
[BlackCountry "INT"]
[WhiteElo "1745"]
[WhiteRD "83"]
[BlackElo "1075"]
[BlackRD "42"]
[GameID "204423"]

1. e4 e5 2. Nf3 Nc6 3. Bb5 d6 4. c3 Bg4 5. O-O a6 6. Ba4 b5 7. Bb3 Bxf3 8. Qxf3 Qf6 9. Bd5 Qxf3 10. Bxc6+ Kd8
11. gxf3 Rb8 12. d4 f6 13. dxe5 Ne7 14. exd6 cxd6 15. Bf4 Nxc6 16. Nd2 Kc7 17. Rad1 Rd8 18. Nb3 Ne5 19. Bxe5 fxe5 20. Rd5 g5
21. Rfd1 h5 22. Nc5 Kc6 23. Nxa6 Kb7 24. Nc5+ Kb6 25. Ne6 Rd7 26. Nxf8 Rxf8 27. Rxd6+
1-0

[Event "Top of the Hill"]
[Site "SchemingMind.com"]
[Date "2009.05.13"]
[Round "-"]
[White "lame wolf"]
[Black "norlavuaram"]
[Result "0-1"]
[WhiteCountry "INT"]
[BlackCountry "PER"]
[WhiteElo "1075"]
[WhiteRD "42"]
[BlackElo "1745"]
[BlackRD "83"]
[GameID "204424"]

1. Nf3 Nf6 2. d4 g6 3. Bd2 Bg7 4. c4 O-O 5. e3 d6 6. d5 c5 7. Be2 a6 8. Bd3 Nbd7 9. e4 Rb8 10. Bc3 b5
11. Qd2 bxc4 12. Be2 Nxe4 13. Qe3 Nxc3 14. Nxc3 Rxb2 15. Qc1 Rb8 16. O-O Qa5 17. Bxc4 Bxc3 18. Rb1 Rxb1 19. Qxb1 Ne5 20. Nxe5 Bxe5
21. g3 Bf5 22. Bd3 Bxd3 23. Qxd3 Rb8 24. Rb1 Rxb1+ 25. Qxb1 Qb5 26. Qxb5 axb5 27. f4 Bg7
0-1

[Event "Top of the Hill"]
[Site "SchemingMind.com"]
[Date "2009.05.11"]
[Round "-"]
[White "MetallicMagma"]
[Black "lame wolf"]
[Result "1-0"]
[WhiteCountry "USA"]
[BlackCountry "INT"]
[WhiteElo "1358"]
[WhiteRD "101"]
[BlackElo "1075"]
[BlackRD "42"]
[GameID "204455"]

1. e4 c5 2. Bc4 Nc6 3. Qf3 Nf6 4. g4 Ne5 5. Qf4 Nxc4 6. d3 Nb6 7. b3 d5 8. g5 Nh5 9. Qf3 dxe4 10. dxe4 g6
11. Nc3 e6 12. Nb5 Bd7 13. a4 Bxb5 14. axb5 Be7 15. h4 Nd7 16. Ne2 Ne5 17. Qc3 Qb8 18. Bb2 Bd6 19. Rf1 Ke7 20. f4 Nd7
21. e5 Bc7 22. Rd1 Rd8 23. Ba3 b6 24. b4 f6 25. gxf6+ Ke8 26. bxc5 Nxc5 27. Bxc5 Rxd1+ 28. Kxd1 Qd8+ 29. Bd4 h6 30. Qc6+
1-0

[Event "Top of the Hill"]
[Site "SchemingMind.com"]
[Date "2009.05.13"]
[Round "-"]
[White "MetallicMagma"]
[Black "norlavuaram"]
[Result "0-1"]
[WhiteCountry "USA"]
[BlackCountry "PER"]
[WhiteElo "1273"]
[WhiteRD "91"]
[BlackElo "1768"]
[BlackRD "88"]
[GameID "204456"]

1. e4 e5 2. Nf3 Nc6 3. Nc3 Nf6 4. Bb5 Bb4 5. a3 Ba5 6. b4 Bb6 7. O-O O-O 8. d3 d6 9. Bg5 Nd4 10. Nd5 Bg4
11. h3 Bxf3
0-1

[Event "Top of the Hill"]
[Site "SchemingMind.com"]
[Date "2009.05.12"]
[Round "-"]
[White "lame wolf"]
[Black "MetallicMagma"]
[Result "0-1"]
[WhiteCountry "INT"]
[BlackCountry "USA"]
[WhiteElo "1075"]
[WhiteRD "42"]
[BlackElo "1358"]
[BlackRD "101"]
[GameID "204457"]

1. b4 b6 2. b5 Bb7 3. a4 g6 4. e3 d5 5. Bb2 Nf6 6. d4 a6 7. c4 e6 8. cxd5 Bxd5 9. Nc3 Bb7 10. Bd3 axb5
11. axb5 Rxa1 12. Qxa1 Bxg2 13. Nf3 Bxh1 14. Kd2 Bxf3 15. Kc2 Ng4 16. Qf1 Nxh2 17. Qh3 Bd6 18. Be4 Bxe4+ 19. Nxe4 O-O 20. f4 c5
21. Qxh2 cxd4 22. Bxd4 f5 23. Nc3 Bc5 24. Qd2 Bxd4 25. exd4 Qd7 26. Kd3 Rd8
0-1

[Event "Top of the Hill"]
[Site "SchemingMind.com"]
[Date "2009.05.13"]
[Round "-"]
[White "norlavuaram"]
[Black "MetallicMagma"]
[Result "1-0"]
[WhiteCountry "PER"]
[BlackCountry "USA"]
[WhiteElo "1768"]
[WhiteRD "88"]
[BlackElo "1273"]
[BlackRD "91"]
[GameID "204458"]

1. e4 e5 2. Nf3 Nc6 3. Bb5 a6 4. Ba4 b5 5. Bb3 Nf6 6. O-O Nxe4 7. d4 exd4 8. Re1 f5 9. Ng5 Bd6 10. Nxe4 Bb4
11. Nd6+
1-0

[Event "Top of the Hill"]
[Site "SchemingMind.com"]
[Date "2009.05.12"]
[Round "-"]
[White "iluvatar"]
[Black "lame wolf"]
[Result "1-0"]
[WhiteCountry "USA"]
[BlackCountry "INT"]
[WhiteElo "1757"]
[WhiteRD "109"]
[BlackElo "1075"]
[BlackRD "42"]
[GameID "204491"]

1. e4 c5 2. Nf3 Nc6 3. c4 e5 4. d3 Nd4 5. Nxe5 Qe7 6. Nf3 g6 7. Be2 Bg7 8. O-O Nxe2+ 9. Qxe2 Nf6 10. Nc3 b6
11. Bg5 Qe6 12. Bxf6 Bxf6 13. Nd5 Qd6 14. e5 Bxe5 15. Qxe5+ Qxe5 16. Nxe5 Kf8 17. h3 Kg7 18. Rfe1 d6 19. Nf3 Be6 20. Nc7 Rac8
21. Nxe6+ Kf6 22. Nf4 g5 23. Nd5+ Kg7 24. Nxg5 Rhf8 25. Re7 Rce8 26. Rae1 Rxe7 27. Rxe7
1-0

[Event "Top of the Hill"]
[Site "SchemingMind.com"]
[Date "2009.05.13"]
[Round "-"]
[White "iluvatar"]
[Black "norlavuaram"]
[Result "1-0"]
[WhiteCountry "USA"]
[BlackCountry "PER"]
[WhiteElo "1693"]
[WhiteRD "92"]
[BlackElo "1778"]
[BlackRD "86"]
[GameID "204492"]

1. e4 e5 2. Nf3 Nc6 3. Bc4 Bc5 4. d3 Nf6 5. O-O O-O 6. Bg5 Be7 7. Bb5 d6 8. Nc3 Bd7 9. a3 a6 10. Ba4 b5
11. Bb3 Na5 12. Bxf6 Bxf6 13. Ba2 c5 14. Nd5 Nc6 15. h3 g6 16. c4 Bg7 17. Nh2 Be6 18. Rb1 Nd4 19. Nf3 Nxf3+ 20. Qxf3 Rb8
21. Qe2 Kh8 22. f3 f5 23. Kh2 Qh4 24. Qf2 Qxf2 25. Rxf2 fxe4 26. dxe4 Bh6 27. b3 bxc4 28. bxc4 Rxb1 29. Bxb1 Rb8 30. Ba2 Bxd5
31. cxd5 Bf4+ 32. g3 Bc1 33. Bc4 a5 34. a4 Rb2 35. Kg2 Rxf2+= 36. Kxf2 Kg7= 37. Ke2 Kf6 38. Kd1 Ba3 39. Kc2 Bb4 40. Be2= g5
41. Kb3 h5 42. Kc4 Ke7 43. Kb5 Kd7 44. Kb6 h4 45. g4 Kc8= 46. Ba6+ Kd7 47. Bb5+ Kd8 48. Kc6 Be1 49. Kxd6
1-0

[Event "Top of the Hill"]
[Site "SchemingMind.com"]
[Date "2009.05.12"]
[Round "-"]
[White "iluvatar"]
[Black "MetallicMagma"]
[Result "1-0"]
[WhiteCountry "USA"]
[BlackCountry "USA"]
[WhiteElo "1667"]
[WhiteRD "97"]
[BlackElo "1273"]
[BlackRD "91"]
[GameID "204493"]

1. e4 e5 2. Nf3 Nc6 3. Bc4 Nf6 4. Ng5 Qe7 5. Bxf7+ Kd8 6. Bb3 h6 7. Nf7+ Ke8 8. Nxh8 Qc5 9. d3 Ng4 10. Qxg4 Nd4
11. Na3 d5 12. Qg6+ Kd8 13. Nf7+ Kd7 14. Nxe5+ Kd8 15. Nf7+ Kd7 16. exd5
1-0

[Event "Top of the Hill"]
[Site "SchemingMind.com"]
[Date "2009.05.12"]
[Round "-"]
[White "lame wolf"]
[Black "iluvatar"]
[Result "0-1"]
[WhiteCountry "INT"]
[BlackCountry "USA"]
[WhiteElo "1075"]
[WhiteRD "42"]
[BlackElo "1757"]
[BlackRD "109"]
[GameID "204494"]

1. g4 d5 2. g5 e5 3. h4 Bf5 4. d4 e4 5. e3 a6 6. f4 g6 7. Be2 Bg7 8. b3 c5 9. Bb2 cxd4 10. exd4 Nc6
11. Bg4 Nge7 12. Nd2 Qd7 13. Bxf5 Nxf5 14. Qg4 Bxd4 15. Bxd4 Ncxd4 16. Rc1 O-O-O 17. Ne2 Ne6 18. c4 Kb8 19. Kf2 e3+ 20. Kf3 exd2
21. Rcd1 dxc4 22. h5 cxb3 23. axb3 Qc6+ 24. Kf2 Qc5+ 25. Kg2 Ne3+ 26. Kh3 Nxg4 27. Kxg4 Qf5+ 28. Kh4 Nxf4 29. Nxf4 Qxf4+ 30. Kh3 Rd3+
0-1

[Event "Top of the Hill"]
[Site "SchemingMind.com"]
[Date "2009.05.14"]
[Round "-"]
[White "norlavuaram"]
[Black "iluvatar"]
[Result "1-0"]
[WhiteCountry "PER"]
[BlackCountry "USA"]
[WhiteElo "1778"]
[WhiteRD "86"]
[BlackElo "1693"]
[BlackRD "92"]
[GameID "204495"]

1. e4 e5 2. Nf3 d6 3. d4 exd4 4. Nxd4 g6 5. Nc3 Bg7 6. Be3 Ne7 7. Bc4 O-O 8. O-O Nbc6 9. Nde2 Be6 10. Bxe6 fxe6
11. Qd2 d5 12. exd5 Nxd5 13. Nxd5 Qxd5 14. Qxd5 exd5 15. Bc5 Rfe8 16. Nf4 b6 17. Ba3 Rad8 18. Rae1 Ne5 19. Nd3 Nxd3 20. cxd3 c5
21. b4 Bf8 22. bxc5 Bxc5 23. Bxc5 bxc5 24. g3 Kf7 25. f4 c4 26. dxc4 dxc4 27. Rxe8 Rxe8 28. Kf2 Rc8 29. Ke3 Kf6 30. Rc1 Kf5
31. h3 g5 32. g4+ Kg6 33. f5+ Kf6 34. Rc3 Ke5 35. a3 h6 36. Rc2 a6 37. Rc3 Rc5 38. Rc2 Ra5 39. Rc3 Ra4 40. f6 Kxf6
41. Kd4 a5 42. Kc5 Ke5 43. Kb5 Kd4 44. Rg3
1-0

[Event "Top of the Hill"]
[Site "SchemingMind.com"]
[Date "2009.05.12"]
[Round "-"]
[White "MetallicMagma"]
[Black "iluvatar"]
[Result "0-1"]
[WhiteCountry "USA"]
[BlackCountry "USA"]
[WhiteElo "1273"]
[WhiteRD "91"]
[BlackElo "1667"]
[BlackRD "97"]
[GameID "204496"]

1. e4 e5 2. Nf3 Nc6 3. d4 exd4 4. Nxd4 Qf6 5. Bc4 Nxd4 6. f4 Nc6 7. e5 Qd8 8. Qh5 g6 9. Qf3 Bg7 10. Qe4 Nge7
11. O-O O-O 12. h3 d5 13. Bxd5 Qxd5 14. Qxd5 Nxd5 15. b3 Nxe5
0-1

[Event "Top of the Hill"]
[Site "SchemingMind.com"]
[Date "2009.05.12"]
[Round "-"]
[White "Nephi"]
[Black "lame wolf"]
[Result "1-0"]
[WhiteCountry "ENG"]
[BlackCountry "INT"]
[WhiteElo "1614"]
[WhiteRD "75"]
[BlackElo "1075"]
[BlackRD "42"]
[GameID "204519"]

1. d4 b5 2. e4 b4 3. Nf3 a5 4. Bc4 Bb7 5. Nbd2 d5 6. exd5 c6 7. dxc6 Bxc6 8. O-O e6 9. c3 Bd6 10. Re1 Bf4
11. d5 Bxd5 12. Bb5+ Bc6 13. Bxc6+ Nxc6 14. Ne4 Qxd1 15. Rxd1 Bxc1 16. Raxc1 Nge7 17. c4 O-O 18. b3 a4 19. Nd4 e5 20. Nxc6 Nxc6
21. Rd6 axb3 22. axb3 Nd4 23. Kf1 Nxb3 24. Rb1 Ra3 25. c5 Ra1 26. Rxa1 Nxa1 27. c6 b3 28. Nc3 b2 29. c7 Rc8 30. Rd8+
1-0

[Event "Top of the Hill"]
[Site "SchemingMind.com"]
[Date "2009.05.13"]
[Round "-"]
[White "Nephi"]
[Black "iluvatar"]
[Result "1-0"]
[WhiteCountry "ENG"]
[BlackCountry "USA"]
[WhiteElo "1639"]
[WhiteRD "74"]
[BlackElo "1659"]
[BlackRD "102"]
[GameID "204520"]

1. d4 e6 2. Nf3 g6 3. c4 Bg7 4. e3 Ne7 5. Nc3 b6 6. Bd3 Bb7 7. O-O d6 8. Re1 O-O 9. e4 Nd7 10. Qe2 c5
11. Be3 e5 12. d5 Nf6 13. Rad1 Kh8 14. Qd2 Nfg8 15. h3 Bc8 16. Nh2 f5 17. f4 fxe4 18. Bxe4 Bf5 19. g4 Bxe4 20. Nxe4 exf4
21. Bxf4 Nc8 22. Nf3 Nf6 23. Nfg5 Nxe4 24. Rxe4 Qf6 25. Ne6 Rf7 26. Nxg7 Rxg7 27. Bg5 Qf7 28. Rf1 Qd7 29. Bf6
1-0

[Event "Top of the Hill"]
[Site "SchemingMind.com"]
[Date "2009.05.13"]
[Round "-"]
[White "Nephi"]
[Black "norlavuaram"]
[Result "0-1"]
[WhiteCountry "ENG"]
[BlackCountry "PER"]
[WhiteElo "1639"]
[WhiteRD "74"]
[BlackElo "1756"]
[BlackRD "85"]
[GameID "204521"]

1. d4 Nf6 2. c4 g6 3. Nc3 Bg7 4. Nf3 O-O 5. e3 d5 6. Bd3 c6 7. O-O Nbd7 8. Re1 dxc4 9. Bxc4 Nb6 10. Bd3 Qc7
11. e4 Bg4 12. Be3 Rad8 13. h3 Bc8 14. Rc1 Qb8 15. e5 Nfd5 16. Nxd5 Nxd5 17. Bd2 h6 18. a3 e6 19. Qc2 Kh7 20. h4 h5
21. Ng5+ Kg8 22. Bxg6 fxg6 23. Qxg6 Rf5 24. Nxe6 Bxe6 25. Qxe6+ Rf7 26. Bg5 Re8 27. Qg6 Nf4 28. Bxf4 Rxf4 29. e6 Rf6 30. Qxh5 Rexe6
31. Rxe6 Rxe6 32. Kf1 Qf4 33. Re1 Rxe1+ 34. Kxe1 Qc1+ 35. Qd1 Qxd1+ 36. Kxd1 Bxd4
0-1

[Event "Top of the Hill"]
[Site "SchemingMind.com"]
[Date "2009.05.12"]
[Round "-"]
[White "Nephi"]
[Black "MetallicMagma"]
[Result "1-0"]
[WhiteCountry "ENG"]
[BlackCountry "USA"]
[WhiteElo "1651"]
[WhiteRD "73"]
[BlackElo "1273"]
[BlackRD "91"]
[GameID "204522"]

1. Nf3 d5 2. g3 Nc6 3. Bg2 Nf6 4. d3 e5 5. Nbd2 Ng4 6. h3 Nf6 7. O-O Bc5 8. c3 h6 9. e4 O-O 10. exd5 Nxd5
11. Nxe5 Nxe5 12. d4 Bxd4 13. cxd4 Nd3 14. a3 Bf5 15. Ne4 Nxc1 16. Rxc1 b6 17. Nc3 Be6 18. Nxd5 Bxd5 19. Bxd5 Qxd5 20. Rxc7
1-0

[Event "Top of the Hill"]
[Site "SchemingMind.com"]
[Date "2009.05.12"]
[Round "-"]
[White "lame wolf"]
[Black "Nephi"]
[Result "0-1"]
[WhiteCountry "INT"]
[BlackCountry "ENG"]
[WhiteElo "1075"]
[WhiteRD "42"]
[BlackElo "1614"]
[BlackRD "75"]
[GameID "204523"]

1. Nf3 d5 2. d4 Nf6 3. e3 c6 4. Bd3 e6 5. Ne5 Nbd7 6. Nxd7 Bxd7 7. c4 Be7 8. cxd5 cxd5 9. Qe2 O-O 10. e4 dxe4
11. Bb5 Qa5+ 12. Nc3 Bxb5 13. Qe3 Bb4 14. Bd2 Bxc3 15. Qxc3 Qxc3 16. bxc3 Rac8 17. a4 Bd3 18. Rb1 Bxb1 19. O-O Bd3 20. f3 Bxf1
0-1

[Event "Top of the Hill"]
[Site "SchemingMind.com"]
[Date "2009.05.13"]
[Round "-"]
[White "iluvatar"]
[Black "Nephi"]
[Result "0-1"]
[WhiteCountry "USA"]
[BlackCountry "ENG"]
[WhiteElo "1659"]
[WhiteRD "102"]
[BlackElo "1639"]
[BlackRD "74"]
[GameID "204524"]

1. e4 c5 2. Nf3 d6 3. Bc4 e6 4. d3 a6 5. a3 Nc6 6. Nc3 Nf6 7. Be3 Be7 8. O-O b5 9. Ba2 O-O 10. Rb1 Bb7
11. Ne2 Qc7 12. Ng3 Rad8 13. Bg5 h6 14. Bxf6 Bxf6 15. c3 Rfe8 16. Re1 a5 17. Qc2 b4 18. axb4 axb4 19. c4 Nd4 20. Nxd4 Bxd4
21. Bb3 Bc6 22. Ra1 Ra8 23. Ne2 g5 24. Nxd4 cxd4 25. Ba4 Bxa4 26. Rxa4 Rxa4 27. Qxa4 Rb8 28. b3 Kf8 29. Ra1 Qb6 30. Qa6 Qxa6
31. Rxa6 Ke7 32. g3 e5 33. Kg2 f6 34. Ra7+ Ke6 35. Kh3 f5 36. f3 Kf6 37. Ra6 fxe4 38. fxe4 Ke7 39. Kg4 Kd7 40. Kh5 Rh8
41. Rb6 Rf8 42. Rxb4 Rf3 43. Kxh6 Rxd3 44. Kxg5 Ke6 45. g4 Re3 46. Ra4 Rxe4 47. h4 d3 48. Ra1 Rd4 49. h5 Rf4 50. h6 Rf8
51. h7 e4 52. Kh5 e3 53. g5 e2 54. g6 d2 55. g7 Rf5+ 56. Kg4 d1=Q 57. g8=Q+ Rf7 58. Rxd1 exd1=Q+ 59. Kh4 Qd4+ 60. Kh5 Qe5+
61. Kg4= Qe4+
0-1

[Event "Top of the Hill"]
[Site "SchemingMind.com"]
[Date "2009.05.14"]
[Round "-"]
[White "norlavuaram"]
[Black "Nephi"]
[Result "1-0"]
[WhiteCountry "PER"]
[BlackCountry "ENG"]
[WhiteElo "1778"]
[WhiteRD "86"]
[BlackElo "1592"]
[BlackRD "72"]
[GameID "204525"]

1. e4 c5 2. Nf3 d6 3. d4 cxd4 4. Nxd4 Nf6 5. Nc3 a6 6. Bg5 e5 7. Nf3 Nbd7 8. Bc4 Be7 9. O-O O-O 10. Qd2 b5
11. Bd5 Rb8 12. a3 Bb7 13. Bxb7 Rxb7 14. Rad1 Re8 15. Rfe1 Qc7 16. h3 h6 17. Bh4 Nb6 18. b3 Rc8 19. Bxf6 Bxf6 20. Nd5 Nxd5
21. Qxd5 Rb6 22. Rd2 Qc5 23. Qxc5 Rxc5 24. Red1 Be7 25. Ne1 Rbc6 26. Kf1 Kf8 27. Ke2 f6 28. Rc1 Kf7 29. Kd1 Ke6 30. Nd3 Rc3
31. Nb4 Rc8 32. Nxa6 Ra8 33. Nb4 Rxa3 34. Nd5 Rc6 35. Nb4 Rc8 36. Nd5 Ra6 37. Nb4 Ra7 38. Nd5 Rca8 39. Nb6 Rb8 40. Nd5 b4
41. f3 Ra5 42. Nc7+ Kf7 43. Nd5 Rc5= 44. Ne3 Rcc8 45. Ra1 Ke6 46. Ra7 Ra8 47. Rxa8 Rxa8 48. Ke2 g5 49. Nf5 h5 50. Ng7+ Kf7
51. Nxh5 Kg6 52. Ng3 Ra1 53. Nf5 Bf8 54. Nxd6 Bxd6 55. Rxd6 Ra2 56. Rd2 Kh5 57. Kd3 Kh4 58. Kc4 Ra6 59. Kxb4 Kg3 60. c4 Re6
61. c5 Kf4 62. Kc3 Ke3 63. Ra2 Rc6 64. b4 Kf4 65. Kc4
1-0

[Event "Top of the Hill"]
[Site "SchemingMind.com"]
[Date "2009.05.12"]
[Round "-"]
[White "MetallicMagma"]
[Black "Nephi"]
[Result "0-1"]
[WhiteCountry "USA"]
[BlackCountry "ENG"]
[WhiteElo "1273"]
[WhiteRD "91"]
[BlackElo "1651"]
[BlackRD "73"]
[GameID "204526"]

1. e4 c5 2. Nc3 Nc6 3. Bc4 e6 4. Nf3 Nf6 5. d3 Be7 6. O-O O-O 7. Be3 a6 8. e5 Ng4 9. h3 Nxe3 10. fxe3 d5
11. Bb3 b5 12. a4 b4 13. Ne2 Qc7 14. d4 c4 15. Ba2 Na5 16. Nf4 Bd7 17. c3 b3 18. Bb1 f6 19. exf6 Bxf6
0-1

[Event "Top of the Hill"]
[Site "SchemingMind.com"]
[Date "2009.05.12"]
[Round "-"]
[White "Eden"]
[Black "lame wolf"]
[Result "1-0"]
[WhiteCountry "CZE"]
[BlackCountry "INT"]
[WhiteElo "1551"]
[WhiteRD "63"]
[BlackElo "1075"]
[BlackRD "42"]
[GameID "204627"]

1. e4 c5 2. Bc4 Nc6 3. Qh5 e6 4. f4 Qf6 5. d3 Qg6 6. Qe2 d6 7. f5 exf5 8. exf5+ Qe6 9. fxe6 Bxe6 10. Bxe6 fxe6
11. Qxe6+ Be7 12. Bg5 Nf6 13. Nc3 Nd4 14. Qh3 Nxc2+ 15. Kd2 Nb4 16. Re1 O-O 17. Rxe7 b6 18. Qg3 Rfd8 19. Bxf6 g6 20. h4 b5
21. h5 Re8 22. hxg6 Rxe7 23. gxh7+
1-0

[Event "Top of the Hill"]
[Site "SchemingMind.com"]
[Date "2009.05.13"]
[Round "-"]
[White "Eden"]
[Black "iluvatar"]
[Result "0-1"]
[WhiteCountry "CZE"]
[BlackCountry "USA"]
[WhiteElo "1441"]
[WhiteRD "62"]
[BlackElo "1693"]
[BlackRD "92"]
[GameID "204628"]

1. e4 e5 2. Nf3 Nc6 3. c3 Nf6 4. Bd3 Bc5 5. h3 d6 6. Qb3 Rb8 7. Ng5 O-O 8. Bc4 Qe7 9. O-O h6 10. Nxf7 Rxf7
11. Bxf7+ Qxf7 12. Qxf7+ Kxf7 13. a4 a6 14. b4 Ba7 15. Bb2 Nxe4 16. b5 Ne7 17. d3 Nf6 18. Nd2 a5 19. Nb3 Bb6 20. c4 Bf5
21. d4 exd4 22. Bxd4 Bxd4 23. Nxd4 b6 24. Rad1 Bd7 25. g4 Ne4 26. f4 Nc5 27. Ra1 Re8 28. g5 Bxh3 29. Rf2 h5 30. Ne2 g6
31. Kh2 Bf5 32. Nc3 Bd3 33. Rf3 Bxc4 34. Re1 Nf5 35. Rc1 Be6 36. Rff1 Ne3 37. Rf3 Ng4+ 38. Kg3 Bf5 39. Nd5 Be4 40. Nxc7 Bxf3
41. Nxe8 Kxe8 42. Kxf3 Kd7 43. Rc4 Ke6 44. Kg3 Ne3 45. Rc1 Nf5+ 46. Kf3 d5 47. Re1+ Ne4 48. Rc1 Nd2+ 49. Ke2 Nc4 50. Kd3 Nfd6
51. Kd4 Nf5+
0-1

[Event "Top of the Hill"]
[Site "SchemingMind.com"]
[Date "2009.05.13"]
[Round "-"]
[White "Eden"]
[Black "norlavuaram"]
[Result "0-1"]
[WhiteCountry "CZE"]
[BlackCountry "PER"]
[WhiteElo "1441"]
[WhiteRD "62"]
[BlackElo "1778"]
[BlackRD "86"]
[GameID "204629"]

1. Nf3 Nf6 2. g3 g6 3. Bg2 Bg7 4. O-O O-O 5. c4 d6 6. Nc3 c5 7. Qb3 Nc6 8. e3 a6 9. d4 Na5 10. Qc2 cxd4
11. Nxd4 Nxc4 12. b3 Nb6 13. f4 Rb8 14. Bb2 Nbd7 15. e4 Ng4 16. Qd3 Nc5 17. Qd2 b5 18. Nc6 Qb6 19. Nxe7+ Kh8 20. Kh1 Bb7
21. Ncd5 Bxd5 22. Bxg7+ Kxg7 23. Nxd5 Qd8 24. Qd4+ Kg8 25. h3 Ne6 26. Qb2 Nh6 27. Nf6+ Kg7 28. Nd7+ Kg8 29. Nxb8 Qxb8 30. Rad1 Rd8
31. g4 Kf8 32. g5 Ng8 33. h4 Nc5
0-1

[Event "Top of the Hill"]
[Site "SchemingMind.com"]
[Date "2009.05.13"]
[Round "-"]
[White "Eden"]
[Black "Nephi"]
[Result "1-0"]
[WhiteCountry "CZE"]
[BlackCountry "ENG"]
[WhiteElo "1551"]
[WhiteRD "63"]
[BlackElo "1614"]
[BlackRD "75"]
[GameID "204630"]

1. Nf3 Nf6 2. d4 d5 3. g3 c6 4. Bg2 e6 5. O-O Nbd7 6. a4 Bd6 7. c3 O-O 8. Nbd2 h6 9. Re1 Re8 10. b4 a6
11. h4 e5 12. e4 dxe4 13. Nxe4 Nxe4 14. Rxe4 Nf6 15. Re2 Qc7 16. Ba3 Bd7 17. Qd2 Rad8 18. Rae1 exd4 19. Nxd4 Rxe2 20. Rxe2 Re8
21. c4 Rxe2 22. Qxe2 a5 23. c5 Be5 24. Nc2 Bc3 25. Bf3 Bf5 26. Qe3 axb4 27. Nxb4 Qe5 28. Qxe5 Bxe5 29. a5 Be4 30. Bxe4 Nxe4
31. a6 Nxc5 32. a7
1-0

[Event "Top of the Hill"]
[Site "SchemingMind.com"]
[Date "2009.05.12"]
[Round "-"]
[White "Eden"]
[Black "MetallicMagma"]
[Result "1-0"]
[WhiteCountry "CZE"]
[BlackCountry "USA"]
[WhiteElo "1551"]
[WhiteRD "63"]
[BlackElo "1358"]
[BlackRD "101"]
[GameID "204631"]

1. c4 e5 2. a3 d6 3. Nc3 Nf6 4. d3 Bg4 5. h3 Bh5 6. g4 Bg6 7. b4 Nc6 8. Bg2 h5 9. gxh5 Bxh5 10. Qa4 Qd7
11. b5 Nd4 12. Bxb7 Rb8 13. Qxa7 Rd8 14. Ra2 Qf5 15. e4 Qf3 16. Nxf3 Nxf3+ 17. Kf1 Nd4 18. Bg5 Bf3 19. Bxf6 gxf6 20. Rg1 Rxh3
21. Bc6+ Ke7 22. Qxc7+ Ke6 23. Bd5#
1-0

[Event "Top of the Hill"]
[Site "SchemingMind.com"]
[Date "2009.05.12"]
[Round "-"]
[White "lame wolf"]
[Black "Eden"]
[Result "0-1"]
[WhiteCountry "INT"]
[BlackCountry "CZE"]
[WhiteElo "1075"]
[WhiteRD "42"]
[BlackElo "1551"]
[BlackRD "63"]
[GameID "204632"]

1. d4 d6 2. c4 f5 3. e3 g5 4. Bd3 a6 5. Qh5+ Kd7 6. Bxf5+ Kc6 7. d5+ Kb6 8. Bxc8 Qxc8 9. Nc3 Bh6 10. e4 e6
11. Be3+ c5 12. Na4+ Ka7 13. Qd1 Nf6 14. Qd3 exd5 15. cxd5 Re8 16. f3 b5 17. Nc3 Nbd7 18. b4 Bg7 19. Rc1 g4 20. f4 Kb6
21. a3 Rf8 22. bxc5+ dxc5 23. Nge2 Kb7 24. e5 c4 25. Qc2 Nxd5 26. Nxd5 Qc6 27. Qe4 Rae8 28. Nec3 Nf6 29. Nxf6 Bxf6 30. Qxc6+ Kxc6
31. g3 Be7 32. h3 gxh3 33. Rxh3 Rf7 34. Ke2 Bxa3 35. Bd4 Bxc1
0-1

[Event "Top of the Hill"]
[Site "SchemingMind.com"]
[Date "2009.05.14"]
[Round "-"]
[White "iluvatar"]
[Black "Eden"]
[Result "1-0"]
[WhiteCountry "USA"]
[BlackCountry "CZE"]
[WhiteElo "1667"]
[WhiteRD "97"]
[BlackElo "1532"]
[BlackRD "66"]
[GameID "204633"]

1. e4 e5 2. Nf3 Bd6 3. Bc4 h6 4. d3 a6 5. O-O b5 6. Bb3 Ne7 7. Be3 f5 8. exf5 Nxf5 9. Nbd2 g5 10. h3 Bb7
11. a3 Qf6 12. Nh2 h5 13. c3 c5 14. Bc2 Qg6 15. b4 cxb4 16. axb4 Nxe3 17. fxe3 g4 18. h4 Be7 19. g3 Bd6 20. e4 Bc7
21. Bb3 d5 22. Qe2 d4 23. c4 Bc6 24. cxb5 Bxb5 25. Bf7+ Qxf7 26. Rxf7 Kxf7 27. Nhf1 Nc6 28. Nc4 Bxc4 29. dxc4 Nxb4 30. Nd2 a5
31. Qf2+ Ke7 32. Qf5 Raf8 33. Qg5+ Rf6 34. Nb3 Nc2 35. Rf1 Rf8 36. Nxa5 Bxa5 37. Qxe5+ Re6 38. Qg7+ Kd6 39. Qxf8+
1-0

[Event "Top of the Hill"]
[Site "SchemingMind.com"]
[Date "2009.05.14"]
[Round "-"]
[White "norlavuaram"]
[Black "Eden"]
[Result "1-0"]
[WhiteCountry "PER"]
[BlackCountry "CZE"]
[WhiteElo "1805"]
[WhiteRD "87"]
[BlackElo "1400"]
[BlackRD "65"]
[GameID "204634"]

1. e4 e5 2. Nf3 Qf6 3. Nc3 Bc5 4. Bc4 g5 5. d3 h6 6. O-O a6 7. Nd5 Qd6 8. b4 Bd4 9. c3 Bxc3 10. Nxc3 Qxb4
11. Bd2 Qd6 12. Be3 b5 13. Bb3 c5 14. Nd5 Bb7 15. Rc1 Bxd5 16. Bxd5 Nc6 17. Bxc5 Qf6 18. d4 Rc8 19. dxe5 Nxe5 20. Nxe5 Qxe5
21. Bd4 Rxc1 22. Bxe5 Rxd1 23. Rxd1 Rh7 24. Rc1 Ke7 25. Bb2 Nf6 26. Ba3+ Kd8 27. Bb7 d6 28. Bxa6 Nxe4 29. Bxb5 f6 30. Bd3 f5
31. Bxe4 fxe4 32. Kf1 Rd7 33. Ke2 d5 34. Ke3 Ra7 35. Rc3 Kd7 36. Kd4 Ke6 37. Rc6+ Kf5 38. Bc1 Rxa2 39. Be3
1-0

[Event "Top of the Hill"]
[Site "SchemingMind.com"]
[Date "2009.05.13"]
[Round "-"]
[White "Nephi"]
[Black "Eden"]
[Result "1-0"]
[WhiteCountry "ENG"]
[BlackCountry "CZE"]
[WhiteElo "1614"]
[WhiteRD "75"]
[BlackElo "1551"]
[BlackRD "63"]
[GameID "204635"]

1. d4 e6 2. e4 c5 3. Nf3 f6 4. Bc4 b6 5. c3 Qe7 6. O-O Bb7 7. d5 a6 8. Nbd2 b5 9. Bb3 g6 10. c4 f5
11. exf5 gxf5 12. dxe6 dxe6 13. cxb5 Nd7 14. Bxe6 Bxf3 15. Qxf3 O-O-O 16. Qc6+ Kb8 17. bxa6 Bh6 18. Qb7#
1-0

[Event "Top of the Hill"]
[Site "SchemingMind.com"]
[Date "2009.05.12"]
[Round "-"]
[White "MetallicMagma"]
[Black "Eden"]
[Result "0-1"]
[WhiteCountry "USA"]
[BlackCountry "CZE"]
[WhiteElo "1273"]
[WhiteRD "91"]
[BlackElo "1532"]
[BlackRD "66"]
[GameID "204636"]

1. e4 d5 2. exd5 Qxd5 3. Nc3 Qe5+ 4. Be2 e6 5. d4 Qa5 6. a3 Bb4 7. Bd2 Bxc3 8. Bxc3 Qd5 9. Bf3 Qf5 10. Qd3 Ne7
11. d5 O-O 12. Qd4 f6 13. g4 Qxc2 14. g5 e5 15. Qd2 Qf5 16. h4 e4 17. Bg2 Nxd5 18. Bb4 Rd8 19. Qd3 exd3 20. O-O-O Nxb4
21. axb4 d2+ 22. Rxd2 Rxd2 23. Kxd2 Qxf2+ 24. Ne2 Qxg2 25. Rc1 c6 26. b5 Bg4 27. Re1 cxb5 28. b4 Nc6 29. gxf6 gxf6 30. Rg1 Qxe2+
31. Kc3 Qe3+ 32. Kb2 Qxg1
0-1